Kaʼs li-khamr (Record no. 45170)
[ view plain ]
| 000 -LEADER | |
|---|---|
| fixed length control field | 00594cam a22002171 4500 |
| 001 - CONTROL NUMBER | |
| control field | ne 62000978 |
| 003 - CONTROL NUMBER IDENTIFIER | |
| control field | DLC |
| 005 - DATE AND TIME OF LATEST TRANSACTION | |
| control field | 20260227111736.0 |
| 008 - FIXED-LENGTH DATA ELEMENTS--GENERAL INFORMATION | |
| fixed length control field | 890207s1961 le 000 1 ararc |
| 010 ## - LIBRARY OF CONGRESS CONTROL NUMBER | |
| LC control number | ne 62000978 |
| 025 ## - OVERSEAS ACQUISITION NUMBER | |
| Overseas acquisition number | PL480:UAR-677 |
| 035 ## - SYSTEM CONTROL NUMBER | |
| System control number | (OCoLC)19111603 |
| 040 ## - CATALOGING SOURCE | |
| Original cataloging agency | Princeton Univ. Libr. |
| Transcribing agency | WaU |
| Modifying agency | WaU |
| -- | DLC |
| 042 ## - AUTHENTICATION CODE | |
| Authentication code | premarc |
| 050 00 - LIBRARY OF CONGRESS CALL NUMBER | |
| Classification number | PJ7814.Q5 |
| Item number | K3 |
| 100 1# - MAIN ENTRY--PERSONAL NAME | |
| Personal name | ʻAql, Saʻīd. |
| 245 10 - TITLE STATEMENT | |
| Title | Kaʼs li-khamr |
| Statement of responsibility, etc. | [taʼlīf] Saʻīd ʻAql. |
| 250 ## - EDITION STATEMENT | |
| Edition statement | [al-Ṭabʻah al-ūlá] |
| 260 ## - PUBLICATION, DISTRIBUTION, ETC. | |
| Place of publication, distribution, etc. | [Bayrūt] |
| Name of publisher, distributor, etc. | al-Maktab al-Tijārī |
| Date of publication, distribution, etc. | [1961] |
| 300 ## - PHYSICAL DESCRIPTION | |
| Extent | 171 p. |
| Dimensions | 18 cm. |
No items available.